000 00606nam a2200193Ia 4500
005 20250326145114.0
008 250326s9999 xx 000 0 und d
037 _aTextbook
040 _aFMSL
_beng
_cFMSL
041 _aeng
_2eng
084 _aX:89ZB(Y434) Q0
_qFMSL
100 _aMeeta Kumar
_9750653
245 0 _aEconomic challenges to make South Asia free from poverty and deprivation
_cMeeta Kumar; Pandey M
260 _aNew Delhi
_bNew Delhi, Academic Foundation
_c2010
365 _b995
650 _aManagement
942 _cTB
_hX:89ZB(Y434) Q0
999 _c1306388
_d1306388